[Event "ENG-ch Seniors 65"]
[Site "Kenilworth"]
[Date "2025.04.27"]
[Round "5"]
[White "Moore, John C"]
[Black "Pickersgill, Adrian"]
[Result "1/2-1/2"]
[WhiteElo "1938"]
[BlackElo "1940"]
[PlyCount "76"]
[EventDate "2025.04.24"]
[EventType "swiss"]
[EventRounds "7"]
[EventCountry "ENG"]
[SourceTitle "CB18_2025"]
[SourceDate "2025.04.30"]
[SourceVersion "1"]
[SourceVersionDate "2025.04.30"]
[SourceQuality "1"]

1. e4 d6 2. Nc3 Nf6 3. g3 c6 4. Bg2 e5 5. Nge2 Be7 6. 0-0 0-0 7. d4 Qc7 8. h3 Nbd7 9. Be3 b5 10. a3 Bb7 11. g4 Rfd8 12. Ng3 a6 13. g5 Ne8 14. Nf5 Bf8 15. f4 Nb6 16. b3 Nc8 17. Qf3 exd4 18. Bxd4 Ne7 19. Nxe7+ Qxe7 20. Ne2 c5 21. Bb2 f5 22. gxf6 Nxf6 23. Ng3 Rab8 24. Rae1 Qf7 25. Qc3 d5 26. e5 d4 27. Qd2 Nd5 28. f5 Ne3 29. e6 Qc7 30. Rxe3 dxe3 31. Qxe3 Bxg2 32. Kxg2 Rb7 33. Qg5 Re8 34. Nh5 Qe7 35. Bf6 Qd6 36. Bc3 Qe7 37. Bf6 Qd6 38. Bb2 Qe7 1/2-1/2

[Event "BCF-ch Seniors 65"]
[Site "Hull"]
[Date "2024.08.02"]
[Round "5"]
[White "Pickersgill, Adrian"]
[Black "Clark, Robert G"]
[Result "0-1"]
[WhiteElo "1974"]
[BlackElo "2076"]
[PlyCount "70"]
[EventDate "2024.07.29"]
[EventType "swiss"]
[EventRounds "7"]
[EventCountry "ENG"]
[SourceTitle "CBM 221 Extra"]
[Source "ChessBase"]
[SourceDate "2024.09.30"]
[SourceVersion "1"]
[SourceVersionDate "2024.09.30"]
[SourceQuality "1"]

1. e4 e6 2. d4 d5 3. Nc3 Bb4 4. e5 Ne7 5. Bd2 b6 6. a3 Bxc3 7. bxc3 Qd7 8. Nf3 Ba6 9. Bxa6 Nxa6 10. 0-0 c5 11. Qe2 Qa4 12. Bg5 Rc8 13. Rfc1 h6 14. Bxe7 Kxe7 15. Qd2 Rc7 16. g4 Kd7 17. Ne1 Kc8 18. Ng2 Kb8 19. Ne3 Rhc8 20. f4 cxd4 21. cxd4 Rc3 22. f5 R8c6 23. fxe6 fxe6 24. Rf1 Rxa3 25. Rf8+ Kb7 26. Raf1 Ra1 27. R8f7+ Rc7 28. Rxc7+ Nxc7 29. Nd1 Qe8 30. Qc3 Ra4 31. Qd3 Qe7 32. c3 Qg5 33. Qg3 Qd2 34. Qf3 Ra1 35. h4 a5 0-1

[Event "Paignton op"]
[Site "Paignton"]
[Date "2019.09.05"]
[Round "7"]
[White "Pickersgill, Adrian"]
[Black "Spanton, Timothy"]
[Result "1/2-1/2"]
[WhiteElo "1948"]
[BlackElo "1881"]
[PlyCount "69"]
[EventDate "2019.08.31"]
[EventType "swiss"]
[EventRounds "9"]
[EventCountry "ENG"]
[SourceTitle "EXT 2020"]
[Source "ChessBase"]
[SourceDate "2019.10.17"]
[SourceVersion "1"]
[SourceVersionDate "2019.10.17"]
[SourceQuality "1"]

1. e4 e5 2. Nf3 Nc6 3. d4 exd4 4. Bc4 Bc5 5. c3 Nf6 6. cxd4 Bb4+ 7. Bd2 Bxd2+ 8. Nbxd2 d5 9. exd5 Nxd5 10. Qb3 Na5 11. Qa4+ Nc6 12. Qb3 Na5 13. Qa4+ Nc6 14. Bxd5 Qxd5 15. 0-0 0-0 16. Rfe1 Be6 17. Ne4 b5 18. Qd1 Rad8 19. Nc3 Qh5 20. Qd3 Bc4 21. Qe4 Bd5 22. Nxd5 Qxd5 23. Rad1 Qd6 24. a3 Rd7 25. Qh4 f6 26. Qh5 g6 27. Qxb5 Kf7 28. b4 Rfd8 29. h3 Kg7 30. Re3 Ne7 31. Rde1 Nf5 32. Re6 Nxd4 33. Nxd4 Qxd4 34. Re7+ Kh6 35. R7e4 1/2-1/2

[Event "BCF-ch Seniors 65"]
[Site "Hull"]
[Date "2018.07.30"]
[Round "2"]
[White "Pickersgill, Adrian"]
[Black "Dennis, Nigel W"]
[Result "1-0"]
[WhiteElo "1919"]
[BlackElo "1806"]
[PlyCount "59"]
[EventDate "2018.07.29"]
[EventType "swiss"]
[EventRounds "7"]
[EventCountry "ENG"]
[SourceTitle "CBM 185 Extra"]
[Source "ChessBase"]
[SourceDate "2018.07.29"]
[SourceVersion "1"]
[SourceVersionDate "2018.07.29"]
[SourceQuality "1"]

1. e4 c5 2. Nc3 Nc6 3. f4 d6 4. Nf3 Bg4 5. Bb5 a6 6. Bxc6+ bxc6 7. 0-0 e6 8. h3 Bxf3 9. Qxf3 Qc7 10. d3 d5 11. Bd2 Nf6 12. Rae1 Be7 13. f5 d4 14. Nd1 e5 15. b3 Nd7 16. Nf2 Nf6 17. g4 0-0-0 18. Nd1 Nd7 19. Nb2 Rdf8 20. Nc4 g6 21. Ba5 Qb7 22. f6 Nxf6 23. Qxf6 Bxf6 24. Nd6+ Kb8 25. Nxb7 Bh4 26. Nxc5 Bxe1 27. Bxe1 Kc7 28. Rf6 h5 29. Ba5+ Kc8 30. Rxc6+ 1-0

[Event "BCF-ch Seniors 65"]
[Site "Hull"]
[Date "2018.07.29"]
[Round "1"]
[White "Friedgood, David"]
[Black "Pickersgill, Adrian"]
[Result "1/2-1/2"]
[WhiteElo "2188"]
[BlackElo "1919"]
[PlyCount "47"]
[EventDate "2018.07.29"]
[EventType "swiss"]
[EventRounds "7"]
[EventCountry "ENG"]
[SourceTitle "CBM 185 Extra"]
[Source "ChessBase"]
[SourceDate "2018.07.29"]
[SourceVersion "1"]
[SourceVersionDate "2018.07.29"]
[SourceQuality "1"]

1. d4 d6 2. e4 Nf6 3. Nc3 c6 4. f4 Qa5 5. Bd3 e5 6. Nf3 Bg4 7. Be3 Nbd7 8. 0-0 Be7 9. h3 Bh5 10. Ne2 0-0 11. Ng3 exf4 12. Bxf4 Bg6 13. Re1 Rfe8 14. c4 Rad8 15. Qc2 Nh5 16. Nxh5 Qxh5 17. Re2 Nf8 18. d5 Nd7 19. Nd4 Bf6 20. Nf5 Ne5 21. Bxe5 Bxe5 22. dxc6 bxc6 23. Rf1 Qg5 24. Qd2 1/2-1/2

[Event "Hastings Masters op 93rd"]
[Site "Hastings"]
[Date "2018.01.02"]
[Round "6"]
[White "Pickersgill, Adrian"]
[Black "Flynn, David"]
[Result "1/2-1/2"]
[WhiteElo "1991"]
[BlackElo "1876"]
[PlyCount "73"]
[EventDate "2017.12.28"]
[EventType "swiss"]
[EventRounds "9"]
[EventCountry "ENG"]
[SourceTitle "CBM 182 Extra"]
[Source "ChessBase"]
[SourceDate "2018.02.23"]
[SourceVersion "1"]
[SourceVersionDate "2018.02.23"]
[SourceQuality "1"]

1. e4 e6 2. d4 d5 3. Nc3 Bb4 4. e5 Ne7 5. Bd2 b6 6. a3 Bxc3 7. bxc3 Ba6 8. Bxa6 Nxa6 9. Qe2 Qc8 10. Nf3 0-0 11. 0-0 c5 12. Bg5 f6 13. exf6 gxf6 14. Bh6 Rf7 15. Nh4 Nc7 16. Rad1 c4 17. Rde1 Nc6 18. Qh5 Qe8 19. Nf5 Rd7 20. Qg4+ Qg6 21. Ne3 Qxg4 22. Nxg4 Kf7 23. Bc1 h5 24. Ne3 Nb5 25. Nd1 Rg8 26. Re3 Nd6 27. Rfe1 Re7 28. Rh3 Rh8 29. a4 Ne4 30. f4 f5 31. Nf2 Ree8 32. Nxe4 fxe4 33. Ba3 Reg8 34. Rh4 Rg4 35. Rxg4 hxg4 36. Bd6 Kg6 37. Re3 1/2-1/2

[Event "Hastings Masters op 93rd"]
[Site "Hastings"]
[Date "2017.12.29"]
[Round "2"]
[White "Pickersgill, Adrian"]
[Black "Hewson, Brian Wr"]
[Result "0-1"]
[WhiteElo "1991"]
[BlackElo "2007"]
[PlyCount "144"]
[EventDate "2017.12.28"]
[EventType "swiss"]
[EventRounds "9"]
[EventCountry "ENG"]
[SourceTitle "CBM 182 Extra"]
[Source "ChessBase"]
[SourceDate "2018.02.23"]
[SourceVersion "1"]
[SourceVersionDate "2018.02.23"]
[SourceQuality "1"]

1. e4 c6 2. d4 d5 3. exd5 cxd5 4. Bd3 Nc6 5. c3 Qc7 6. h3 Nf6 7. Nf3 g6 8. Be3 Bf5 9. Na3 a6 10. Nc2 Bg7 11. Qe2 Bxd3 12. Qxd3 0-0 13. 0-0 Rac8 14. Rfe1 Na5 15. Rad1 Nc4 16. Bc1 Ne4 17. Ne3 Nxe3 18. Qxe3 e6 19. Nd2 Nxd2 20. Rxd2 b5 21. Rd3 Qa5 22. a3 Rc6 23. Qf4 Rfc8 24. g4 Qc7 25. Qxc7 R6xc7 26. Bf4 Rc4 27. Be5 a5 28. Bxg7 Kxg7 29. Kg2 Ra4 30. Ree3 g5 31. Kg3 Rac4 32. h4 h6 33. f4 gxf4+ 34. Kxf4 R4c6 35. Rg3 f6 36. Rdf3 Re8 37. Re3 Kg6 38. h5+ Kf7 39. Re2 Rg8 40. Rge3 Rg5 41. Rh2 e5+ 42. dxe5 fxe5+ 43. Kg3 Rc4 44. Rh4 Ke6 45. b3 Rc8 46. Kf2 a4 47. b4 Rc4 48. Rg3 Rg8 49. Ke2 Rf4 50. Rg2 d4 51. cxd4 exd4 52. Rg3 Kd5 53. Kd3 Rg5 54. Kd2 Ke4 55. Kc2 Rf2+ 56. Kd1 Ra2 57. Rhh3 Rg8 58. g5 Rf8 59. Ke1 Rc8 60. Kd1 Rac2 61. Rd3 hxg5 62. Rd2 Rxd2+ 63. Kxd2 g4 64. Rh4 Kf3 65. h6 g3 66. h7 g2 67. Rh3+ Kf4 68. Rh4+ Kf5 69. Rh5+ Kf6 70. Rc5 g1Q 71. Rxc8 Qe3+ 72. Kd1 Qd3+ 0-1

[Event "BCF-ch Seniors 65"]
[Site "Llandudno"]
[Date "2017.08.04"]
[Round "6"]
[White "Norman, Kenneth I"]
[Black "Pickersgill, Adrian"]
[Result "1/2-1/2"]
[WhiteElo "2114"]
[BlackElo "1972"]
[PlyCount "116"]
[EventDate "2017.07.30"]
[EventType "swiss"]
[EventRounds "7"]
[EventCountry "WLS"]
[SourceTitle "CBM 179 Extra"]
[Source "ChessBase"]
[SourceDate "2017.08.23"]
[SourceVersion "1"]
[SourceVersionDate "2017.08.23"]
[SourceQuality "1"]

1. Nf3 d6 2. d4 Bg4 3. c4 Nd7 4. e4 e5 5. Be2 Be7 6. Nc3 Ngf6 7. Be3 0-0 8. 0-0 c6 9. d5 c5 10. Nd2 Bxe2 11. Qxe2 a6 12. Rab1 Qc7 13. Rfc1 Rab8 14. a3 b6 15. f3 h6 16. Qd1 Nh7 17. Qa4 Qc8 18. b4 Rd8 19. Qc6 Rb7 20. bxc5 Rc7 21. Qa4 dxc5 22. Nf1 Bg5 23. Rd1 Re8 24. d6 Rc6 25. Bxg5 Nxg5 26. Nd5 Rxd6 27. Ne7+ Rxe7 28. Rxd6 Ne6 29. Ne3 Nef8 30. Nd5 Re8 31. Nxb6 Qb8 32. Qc6 Nf6 33. Rbd1 Ne6 34. Nd7 Nxd7 35. Rxd7 Qb3 36. R7d3 Qb8 37. Qxa6 Nd4 38. Qa5 Rc8 39. Qd2 Rc6 40. Qa2 Rb6 41. R3d2 Kh7 42. a4 Rb4 43. a5 Nb3 44. Rd3 Nd4 45. a6 Qa7 46. Ra3 g5 47. Kf1 h5 48. Ra5 g4 49. fxg4 hxg4 50. Rxd4 exd4 51. Rb5 d3 52. Rxb4 cxb4 53. Qa5 Qd7 54. Ke1 Qd4 55. Qh5+ Kg7 56. Qxg4+ Kh7 57. Qf5+ Kg7 58. Qg5+ Kh7 1/2-1/2

[Event "Hastings Masters op 92nd"]
[Site "Hastings"]
[Date "2017.01.05"]
[Round "9"]
[White "Ruane, Brendan J"]
[Black "Pickersgill, Adrian"]
[Result "1-0"]
[WhiteElo "1867"]
[BlackElo "1985"]
[PlyCount "31"]
[EventDate "2016.12.28"]
[EventType "swiss"]
[EventRounds "9"]
[EventCountry "ENG"]
[SourceTitle "CBM 176 Extra"]
[Source "ChessBase"]
[SourceDate "2017.03.02"]
[SourceVersion "1"]
[SourceVersionDate "2017.03.02"]
[SourceQuality "1"]

1. e4 d6 2. d4 Nf6 3. Nc3 c6 4. Nf3 Bg4 5. h3 Bh5 6. g4 Bg6 7. Qe2 e6 8. h4 h5 9. g5 Nfd7 10. Bd2 Be7 11. 0-0-0 d5 12. Bg2 0-0 13. Ng1 dxe4 14. Nh3 Bd6 15. Bxe4 Qa5 16. Bxg6 1-0

[Event "Hastings Masters op 92nd"]
[Site "Hastings"]
[Date "2016.12.29"]
[Round "2"]
[White "Pickersgill, Adrian"]
[Black "Kalavannan, Koby"]
[Result "0-1"]
[WhiteElo "1985"]
[BlackElo "2163"]
[PlyCount "68"]
[EventDate "2016.12.28"]
[EventType "swiss"]
[EventRounds "9"]
[EventCountry "ENG"]
[SourceTitle "CBM 176 Extra"]
[Source "ChessBase"]
[SourceDate "2017.03.02"]
[SourceVersion "1"]
[SourceVersionDate "2017.03.02"]
[SourceQuality "1"]

1. e4 c5 2. Nc3 Nc6 3. f4 g6 4. Nf3 Bg7 5. Bb5 Nd4 6. 0-0 a6 7. Bc4 b5 8. Bd5 Rb8 9. d3 e6 10. Bb3 Ne7 11. Nxd4 Bxd4+ 12. Kh1 Bb7 13. Ne2 Bg7 14. c3 d5 15. Ng3 h5 16. exd5 Nxd5 17. Ne4 Rc8 18. Qe2 0-0 19. Bd2 Ne7 20. Ng5 Qd6 21. Rae1 Nf5 22. Nxf7 Rxf7 23. Bxe6 Rd8 24. Bxf7+ Kxf7 25. Rf2 Bf6 26. Rff1 Nh4 27. Rg1 Qxd3 28. Qe6+ Kg7 29. Be3 Qc2 30. Qh3 Re8 31. Qd7+ Re7 32. Qd2 Nxg2 33. Rxg2 Rxe3 34. Qd7+ Kh6 0-1

[Event "BCF-ch Seniors 65"]
[Site "Bournemouth"]
[Date "2016.07.25"]
[Round "2"]
[White "Pickersgill, Adrian"]
[Black "Adaway, William"]
[Result "1/2-1/2"]
[WhiteElo "2000"]
[BlackElo "1935"]
[PlyCount "79"]
[EventDate "2016.07.24"]
[EventType "swiss"]
[EventRounds "7"]
[EventCountry "ENG"]
[SourceTitle "CBM 173 Extra"]
[Source "ChessBase"]
[SourceDate "2016.08.29"]
[SourceVersion "1"]
[SourceVersionDate "2016.08.29"]
[SourceQuality "1"]

1. e4 d5 2. exd5 Qxd5 3. Nc3 Qa5 4. d4 Nf6 5. Nf3 c6 6. Bc4 Bf5 7. Bd2 e6 8. Qe2 Bb4 9. 0-0-0 0-0 10. a3 Bxc3 11. Bxc3 Qc7 12. h3 b5 13. Bd3 Nbd7 14. g4 Bxd3 15. Qxd3 Qf4+ 16. Bd2 Qe4 17. Qxe4 Nxe4 18. Be3 f5 19. Ne5 Nxe5 20. dxe5 fxg4 21. hxg4 Nxf2 22. Bxf2 Rxf2 23. Rd6 Raf8 24. Rxe6 Rf1+ 25. Rxf1 Rxf1+ 26. Kd2 Rg1 27. Rxc6 Rxg4 28. e6 Kf8 29. Ke3 Rc4 30. Ra6 Rxc2 31. Rxa7 Rxb2 32. Rf7+ Kg8 33. Rf5 Rb3+ 34. Kd4 Rxa3 35. Rxb5 Kf8 36. Rf5+ Ke7 37. Rf7+ Kxe6 38. Rxg7 h5 39. Ke4 Kf6 40. Rg1 1/2-1/2

[Event "Guernsey op 41st"]
[Site "Vale"]
[Date "2015.10.24"]
[Round "7"]
[White "Pickersgill, Adrian"]
[Black "Spanton, Timothy"]
[Result "1/2-1/2"]
[WhiteElo "2016"]
[BlackElo "1928"]
[PlyCount "155"]
[EventDate "2015.10.18"]
[EventType "swiss"]
[EventRounds "7"]
[EventCountry "GCI"]
[SourceTitle "EXT 2017"]
[Source "ChessBase"]
[SourceDate "2016.10.25"]
[SourceVersion "1"]
[SourceVersionDate "2016.10.25"]
[SourceQuality "1"]

1. e4 e6 2. d4 d5 3. Nc3 Bb4 4. e5 c5 5. Bd2 Ne7 6. Nb5 Bxd2+ 7. Qxd2 0-0 8. f4 Nbc6 9. Nf3 cxd4 10. Nbxd4 Nxd4 11. Nxd4 Qb6 12. 0-0-0 Nc6 13. Kb1 Nxd4 14. Qxd4 Qxd4 15. Rxd4 Bd7 16. Be2 f6 17. exf6 gxf6 18. c4 Bc6 19. Bf3 e5 20. Bxd5+ Kg7 21. fxe5 fxe5 22. Rg4+ Kh6 23. Bxc6 bxc6 24. Rd1 Rad8 25. Rxd8 Rxd8 26. Kc2 c5 27. b3 Re8 28. Kd3 Rd8+ 29. Ke2 Rd6 30. Rg3 Ra6 31. a4 Rb6 32. Kd2 a5 33. Re3 Re6 34. Kd3 Kg5 35. Ke4 Rh6 36. Kxe5 Rxh2 37. Rg3+ Kh5 38. Kd5 Kh4 39. Rg7 h5 40. Kxc5 Rh1 41. Kb5 Rb1 42. Kxa5 Rxb3 43. g3+ Rxg3 44. Rxg3 Kxg3 45. c5 h4 46. c6 h3 47. c7 h2 48. c8Q h1Q 49. Qc3+ Kf4 50. Qd4+ Kf5 51. Kb5 Qb1+ 52. Kc5 Qc2+ 53. Kd6 Qh2+ 54. Kc6 Qb8 55. Qd5+ Kg4 56. a5 Qa8+ 57. Kd6 Qb8+ 58. Ke7 Qb4+ 59. Ke6 Qb8 60. Qf5+ Kh4 61. Qe4+ Kh3 62. Qd3+ Kg2 63. a6 Qg8+ 64. Ke5 Qg5+ 65. Kd4 Qf6+ 66. Kc5 Qf2+ 67. Kc6 Qf6+ 68. Qd6 Qc3+ 69. Kb7 Qb3+ 70. Kc7 Qf7+ 71. Qd7 Qf4+ 72. Kb7 Qb4+ 73. Ka7 Kf1 74. Qd5 Qe7+ 75. Kb6 Qe3+ 76. Qc5 Qe6+ 77. Kb5 Qb3+ 78. Qb4 1/2-1/2

[Event "Guernsey op 41st"]
[Site "Vale"]
[Date "2015.10.20"]
[Round "3"]
[White "Kirkwood, Robin"]
[Black "Pickersgill, Adrian"]
[Result "1/2-1/2"]
[WhiteElo "1911"]
[BlackElo "2016"]
[PlyCount "80"]
[EventDate "2015.10.18"]
[EventType "swiss"]
[EventRounds "7"]
[EventCountry "GCI"]
[SourceTitle "EXT 2017"]
[Source "ChessBase"]
[SourceDate "2016.10.25"]
[SourceVersion "1"]
[SourceVersionDate "2016.10.25"]
[SourceQuality "1"]

1. b3 e5 2. Bb2 d6 3. e3 f5 4. g3 Nf6 5. Bg2 c6 6. d3 Be7 7. Nd2 0-0 8. Ne2 Qe8 9. c4 Nbd7 10. d4 Bd8 11. 0-0 Bc7 12. Qc2 e4 13. d5 c5 14. Nf4 Ne5 15. f3 exf3 16. Bxf3 Nfg4 17. Bxg4 Nxg4 18. Rae1 g5 19. Qc3 Ne5 20. Ng2 Bd8 21. e4 Qh5 22. Nf3 Bf6 23. Nxe5 Bxe5 24. Qc2 f4 25. gxf4 gxf4 26. Bxe5 dxe5 27. Qf2 Bh3 28. Kh1 f3 29. Ne3 Bxf1 30. Rxf1 Kh8 31. Nf5 Rxf5 32. exf5 e4 33. Qxc5 Qxf5 34. Qd4+ Kg8 35. Rg1+ Kf8 36. Qc5+ Kf7 37. Qc7+ Kf8 38. Qd6+ Kf7 39. Qc7+ Kf8 40. Qd6+ Kf7 1/2-1/2

[Event "Guernsey op 41st"]
[Site "Vale"]
[Date "2015.10.18"]
[Round "1"]
[White "French, Max"]
[Black "Pickersgill, Adrian"]
[Result "1/2-1/2"]
[WhiteElo "1824"]
[BlackElo "2016"]
[PlyCount "67"]
[EventDate "2015.10.18"]
[EventType "swiss"]
[EventRounds "7"]
[EventCountry "GCI"]
[SourceTitle "EXT 2017"]
[Source "ChessBase"]
[SourceDate "2016.10.25"]
[SourceVersion "1"]
[SourceVersionDate "2016.10.25"]
[SourceQuality "1"]

1. d4 d6 2. e4 Nf6 3. Nc3 c6 4. f4 Qa5 5. e5 Ne4 6. Qf3 d5 7. Bd3 Na6 8. Nge2 Nb4 9. f5 g6 10. f6 Nxd3+ 11. cxd3 Nxc3 12. bxc3 h5 13. h3 Bf5 14. 0-0 h4 15. Bg5 Rh5 16. fxe7 Bxe7 17. Bxe7 Kxe7 18. g4 hxg3 19. Nxg3 Rg5 20. Qf4 Rxg3+ 21. Qxg3 Qxc3 22. Qg5+ Ke8 23. Qh4 Kd7 24. Rab1 Rb8 25. Rb3 Qd2 26. Qg3 Ke6 27. Rf2 Qd1+ 28. Kg2 Rh8 29. h4 b6 30. Qg5 Rh5 31. Qf6+ Kd7 32. Qd6+ Ke8 33. Qb8+ Ke7 34. Qd6+ 1/2-1/2

[Event "BCF-ch Seniors"]
[Site "Aberystwyth"]
[Date "2014.08.01"]
[Round "7"]
[White "Downham, Alan"]
[Black "Pickersgill, Adrian"]
[Result "1/2-1/2"]
[WhiteElo "1994"]
[BlackElo "1990"]
[PlyCount "32"]
[EventDate "2014.07.26"]
[EventType "swiss"]
[EventRounds "7"]
[EventCountry "WLS"]
[SourceTitle "EXT 2017"]
[Source "ChessBase"]
[SourceDate "2016.10.25"]
[SourceVersion "1"]
[SourceVersionDate "2016.10.25"]
[SourceQuality "1"]

1. c4 e5 2. Nc3 d6 3. g3 f5 4. Bg2 Nf6 5. d3 c6 6. e3 Be7 7. Nge2 0-0 8. f4 Na6 9. 0-0 Qe8 10. Rb1 Nc7 11. b4 Bd7 12. a4 Rb8 13. b5 Ne6 14. Ba3 Ng4 15. Qd2 exf4 16. exf4 Kh8 1/2-1/2

[Event "Hastings Masters op 89th"]
[Site "Hastings"]
[Date "2014.01.03"]
[Round "7"]
[White "Obsieger, Hendrik"]
[Black "Pickersgill, Adrian"]
[Result "1-0"]
[WhiteElo "1873"]
[BlackElo "1988"]
[PlyCount "55"]
[EventDate "2013.12.28"]
[EventType "swiss"]
[EventRounds "9"]
[EventCountry "ENG"]
[SourceTitle "CBM 158 Extra"]
[Source "ChessBase"]
[SourceDate "2014.02.28"]
[SourceVersion "1"]
[SourceVersionDate "2014.02.28"]
[SourceQuality "1"]

1. e4 d6 2. d4 Nf6 3. f3 c6 4. c4 Nbd7 5. Nc3 e5 6. d5 Be7 7. Be3 a5 8. Nge2 Nc5 9. Qd2 0-0 10. 0-0-0 Nfd7 11. g4 a4 12. Ng3 g6 13. h4 a3 14. b3 Qa5 15. Kc2 Na6 16. h5 Nb4+ 17. Kb1 Nf6 18. Bh6 Re8 19. Qh2 Nbxd5 20. Nxd5 cxd5 21. Bd2 Qc5 22. Bc1 dxe4 23. g5 Nxh5 24. Nxh5 gxh5 25. fxe4 Bg4 26. Be2 Qc8 27. Rdg1 f5 28. gxf6 1-0